| 000 | 00586cam a22002171 4500 | ||
|---|---|---|---|
| 001 | sa 63000813 | ||
| 003 | DLC | ||
| 005 | 20260227111923.0 | ||
| 008 | 740319s1962 xx 000 0 eng | ||
| 010 | _asa 63000813 | ||
| 035 | _a(OCoLC)833615 | ||
| 040 |
_aDLC _cMWP _dDLC |
||
| 042 | _apremarc | ||
| 050 | 0 | 0 |
_aHD7051 _b.N36 |
| 110 | 2 | _aNational Council of Applied Economic Research. | |
| 245 | 1 | 0 | _aUrban income and saving. |
| 260 |
_aNew Delhi _c[1962] |
||
| 300 |
_a116p. _billus. _c24cm. |
||
| 504 | _aIncludes bibliography. | ||
| 650 | 0 |
_aCost and standard of living _zIndia. |
|
| 999 |
_c53640 _d53640 |
||